Civilizing war : imperial politics and the poetics of national rupture /

Bibliographic Details
Main Author: Mufti, Nasser (Author)
Corporate Author: JSTOR (Organization)
Format: eBook
Language:English
Published: Evanston, Illinois : Northwestern University Press, 2018.
Series:FlashPoints (Evanston, Ill.)
Subjects:
Online Access:Connect to the full text of this electronic book

MARC

Tag First Indicator Second Indicator Subfields
LEADER 00000cam a2200000Ii 4500
001 in00004413402
006 m o d |
007 cr |||||||||||
008 171016s2018 ilu ob 000 0 eng d
005 20250816191820.9
020 |z 9780810136038 (cloth : alk. paper) 
020 |z 0810136031 (cloth : alk. paper) 
020 |z 9780810136021 (pbk. : alk. paper) 
020 |z 0810136023 (pbk. : alk. paper) 
020 |z 9780810136045  |z (electronic bk.) 
024 8 |a 99986813172 
035 |a (NhCcYBP)ybp14880496 
040 |a NhCcYBP  |c NhCcYBP  |d UtOrBLW 
043 |a e-uk--- 
050 4 |a PR830.W37  |b M84 2018 
082 0 4 |a 820.9/3581  |2 23 
100 1 |a Mufti, Nasser,  |e author.  |0 http://id.loc.gov/authorities/names/no2017038341 
245 1 0 |a Civilizing war :  |b imperial politics and the poetics of national rupture /  |c nasser mufti. 
263 |a 1712 
264 1 |a Evanston, Illinois :  |b Northwestern University Press,  |c 2018. 
300 |a 1 online resource. 
336 |a text  |2 rdacontent  |b txt 
337 |a computer  |b c  |2 rdamedia 
338 |a online resource  |b cr  |2 rdacarrier 
490 1 |a FlashPoints 
505 0 |a Civility -- A glimpse of social war -- A nexus of fratricide -- The long civil war -- Civilizing mission -- Civil war, the highest stage of civilization -- Civil war, the lowest stage of civilization -- Incivility -- A bend in the historical novel -- Postcolonial interregnum -- Coda: Global civil war. 
504 |a Includes bibliographical references. 
588 0 |a Print version record. 
500 |a Electronic resource. 
650 0 |a English fiction  |y 19th century  |x History and criticism.  |0 http://id.loc.gov/authorities/subjects/sh2008103100 
650 0 |a English fiction  |y 20th century  |x History and criticism.  |0 http://id.loc.gov/authorities/subjects/sh2008103094 
650 0 |a Civil war in literature.  |0 http://id.loc.gov/authorities/subjects/sh97007058 
650 0 |a Imperialism in literature.  |0 http://id.loc.gov/authorities/subjects/sh94004979 
651 0 |a Great Britain  |x Colonies  |x Civilization. 
648 7 |a 1800-1999  |2 fast 
655 7 |a Electronic books.  |2 local 
710 2 |a JSTOR (Organization)  |0 http://id.loc.gov/authorities/names/no97001983 
776 1 8 |i Print version:  |a Mufti, Nasser.  |t Civilizing war.  |d Evanston, Illinois : Northwestern University Press, 2018  |w (DLC) 2017014831 
830 0 |a FlashPoints (Evanston, Ill.)  |0 http://id.loc.gov/authorities/names/no2013085109 
856 4 0 |u http://proxy.library.tamu.edu/login?url=https://www.jstor.org/stable/10.2307/j.ctv47w84j  |z Connect to the full text of this electronic book  |t 0 
945 |b 812960 
955 |a YBP purchased firm e-records 
980 |b 74.96  |g 1 
999 f f |s fe7fc1f7-5fab-3104-906e-817ab22645f9  |i aef7f1d9-3c94-3bbd-b22e-75ce127c4615  |t 0 
952 f f |a Texas A&M University  |b College Station  |c Electronic Resources  |d Available Online  |t 0  |e PR830.W37 M84 2018  |h Library of Congress classification 
998 f f |a PR830.W37 M84 2018  |t 0  |l Available Online